[Event "BL2-Ost 0809"]
[Site "Germany"]
[Date "2009.01.18"]
[Round "5.7"]
[White "Ruettinger, Johannes"]
[Black "Troyke, Christian"]
[Result "1/2-1/2"]
[WhiteElo "2220"]
[BlackElo "2365"]
[PlyCount "99"]
[EventDate "2008.10.05"]
[EventType "team-tourn"]
[EventRounds "9"]
[EventCountry "GER"]
[SourceTitle "CBM 129 Extra"]
[Source "ChessBase"]
[SourceDate "2009.05.05"]
[SourceVersion "2"]
[SourceVersionDate "2009.05.20"]
[SourceQuality "1"]
[WhiteTeam "Bindlach"]
[BlackTeam "Erfurt"]
[WhiteTeamCountry "GER"]
[BlackTeamCountry "GER"]

1. c4 g6 2. g3 Bg7 3. Bg2 Nf6 4. Nc3 0-0 5. d3 c5 6. Bg5 h6 7. Bd2 Nc6 8. Nh3 d6 9. Nf4 e5 10. Nfd5 Nxd5 11. Nxd5 Ne7 12. Rb1 Nxd5 13. Bxd5 Rb8 14. b4 b6 15. 0-0 Bh3 16. Re1 Kh7 17. e3 Qd7 18. Bc3 Be6 19. Bxe6 Qxe6 20. e4 f5 21. f3 Rb7 22. Qe2 Rbf7 23. Rf1 h5 24. Bd2 f4 25. Qg2 fxg3 26. hxg3 Bh6 27. Bxh6 Kxh6 28. b5 Qe7 29. Kf2 Qg5 30. Ke2 Kg7 31. Rf2 Rf6 32. Qh3 R6f7 33. a4 Qe7 34. Rg1 Rh8 35. Qg2 Qe6 36. Rh1 g5 37. Qh3 Qxh3 38. Rxh3 Kg6 39. Rh1 Rhf8 40. Rhh2 a6 41. Ke3 axb5 42. axb5 Ra8 43. Rh1 Ra3 44. Rfh2 Rh7 45. Rg1 Ra5 46. Rgh1 Ra8 47. Rg1 Ra3 48. Rgh1 Rh8 49. Rf2 Rf8 50. Rfh2 1/2-1/2

[Event "BL2-Ost 0708"]
[Site "Germany"]
[Date "2008.04.20"]
[Round "9.5"]
[White "Ruettinger, Johannes"]
[Black "Kuraszkiewicz, Michael"]
[Result "1/2-1/2"]
[WhiteElo "2226"]
[BlackElo "2339"]
[PlyCount "77"]
[EventDate "2007.10.21"]
[EventType "team-tourn"]
[EventRounds "9"]
[EventCountry "GER"]
[SourceTitle "EXT 2009"]
[Source "ChessBase"]
[SourceDate "2008.11.26"]
[SourceVersion "1"]
[SourceVersionDate "2008.11.26"]
[SourceQuality "1"]
[WhiteTeam "Bindlach II"]
[BlackTeam "Koenig Plauen"]
[WhiteTeamCountry "GER"]
[BlackTeamCountry "GER"]

1. c4 c6 2. g3 g6 3. Bg2 Bg7 4. Nc3 d6 5. d3 e5 6. e4 Ne7 7. Nge2 0-0 8. 0-0 Nd7 9. Be3 Nf6 10. h3 d5 11. exd5 cxd5 12. Bc5 dxc4 13. dxc4 Qc7 14. Qd6 Qxd6 15. Bxd6 Re8 16. Nb5 Nf5 17. Bc5 Be6 18. b3 e4 19. Nc7 Rec8 20. Nxe6 fxe6 21. Ba3 Rc7 22. Bb2 Rd8 23. Rad1 Rdd7 24. Rxd7 Rxd7 25. Bxf6 Bxf6 26. Bxe4 b6 27. Rc1 Rd2 28. Rc2 Rxc2 29. Bxc2 Nd4 30. Bd3 Nxe2+ 31. Bxe2 a5 32. f4 e5 33. Kf2 exf4 34. gxf4 Be7 35. Bf3 Bd6 36. Bd5+ Kg7 37. Kf3 Kf6 38. Ke4 h6 39. Bc6 1/2-1/2

[Event "Regionalliga NW 0708"]
[Site "Bayern"]
[Date "2007.11.25"]
[Round "3.1"]
[White "Kunz, Konstantin"]
[Black "Ruettinger, Johannes"]
[Result "0-1"]
[WhiteElo "2080"]
[BlackElo "2174"]
[PlyCount "90"]
[EventDate "2007.10.21"]
[EventType "team-tourn"]
[EventRounds "9"]
[EventCountry "GER"]
[SourceTitle "EXT 2009"]
[Source "ChessBase"]
[SourceDate "2008.11.26"]
[SourceVersion "1"]
[SourceVersionDate "2008.11.26"]
[SourceQuality "1"]
[WhiteTeam "Kitzingen"]
[BlackTeam "Bindlach III"]
[WhiteTeamCountry "GER"]
[BlackTeamCountry "GER"]

1. d4 f5 2. c4 Nf6 3. Nf3 g6 4. g3 Bg7 5. Bg2 0-0 6. 0-0 d6 7. d5 Na6 8. Nd4 Bd7 9. Nc3 Qe8 10. Rb1 c6 11. a3 Nc7 12. b3 Rb8 13. Bb2 c5 14. Nf3 b5 15. Ba1 h6 16. h4 Ng4 17. e3 Qf7 18. Qd2 Bf6 19. Ne2 g5 20. Bxf6 Qxf6 21. Bh3 Qg7 22. Bg2 Nf6 23. Qc2 Nh5 24. hxg5 hxg5 25. Qd2 Nf6 26. Nh2 Kf7 27. Rfc1 Rh8 28. Qa5 Rb7 29. b4 Qh7 30. Nf1 f4 31. gxf4 Bh3 32. Neg3 Bxg2 33. Kxg2 Qh3+ 34. Kf3 Qg4+ 35. Kg2 gxf4 36. exf4 Nh5 37. Ne3 Nxf4+ 38. Kf1 Qf3 39. Ke1 Rh1+ 40. Nef1 Nd3+ 41. Kd2 Nxc1 42. Nxh1 Nb3+ 43. Rxb3 Qxb3 44. Nhg3 bxc4 45. bxc5 Qd3+ 0-1

[Event "Oberliga Bayern 0607"]
[Site "Bayern"]
[Date "2007.02.04"]
[Round "5.6"]
[White "Pohl Kuemmel, Jens Uwe"]
[Black "Ruettinger, Johannes"]
[Result "1-0"]
[WhiteElo "2183"]
[BlackElo "2198"]
[PlyCount "78"]
[EventDate "2006.10.15"]
[EventType "team-tourn"]
[EventRounds "9"]
[EventCountry "GER"]
[SourceTitle "EXT 2008"]
[Source "ChessBase"]
[SourceDate "2007.11.25"]
[SourceVersion "1"]
[SourceVersionDate "2007.11.25"]
[SourceQuality "1"]
[WhiteTeam "Regensburg Fortuna"]
[BlackTeam "Bindlach II"]
[WhiteTeamCountry "GER"]
[BlackTeamCountry "GER"]

1. d4 f5 2. g3 Nf6 3. Bg2 g6 4. Nf3 Bg7 5. 0-0 0-0 6. b3 d6 7. Bb2 Qe8 8. Nbd2 Nc6 9. Nc4 e6 10. a4 h6 11. Ne1 g5 12. Nd3 Qg6 13. e3 Bd7 14. b4 Rae8 15. b5 Nd8 16. Qd2 b6 17. Nb4 Re7 18. Ba3 Ne8 19. Nd3 Ref7 20. f4 Bf6 21. c3 Rh7 22. Rae1 h5 23. e4 h4 24. e5 Be7 25. exd6 cxd6 26. fxg5 hxg3 27. hxg3 Bxg5 28. Nf4 Qh6 29. Bxd6 Nf6 30. Ne5 Qh2+ 31. Kf2 Nh5 32. Nf3 Qxg3+ 33. Kg1 Nxf4 34. Nxg5 Qh2+ 35. Kf2 Qh4+ 36. Ke3 Qg3+ 37. Nf3 Nxg2+ 38. Qxg2 Qxg2 39. Rg1 Rg7 1-0

[Event "Oberliga Bayern 0607"]
[Site "Bayern"]
[Date "2006.12.10"]
[Round "4.7"]
[White "Braun, Thomas1111"]
[Black "Ruettinger, Johannes"]
[Result "1-0"]
[WhiteElo "2090"]
[BlackElo "2198"]
[PlyCount "68"]
[EventDate "2006.10.15"]
[EventType "team-tourn"]
[EventRounds "9"]
[EventCountry "GER"]
[SourceTitle "EXT 2008"]
[Source "ChessBase"]
[SourceDate "2007.11.25"]
[SourceVersion "1"]
[SourceVersionDate "2007.11.25"]
[SourceQuality "1"]
[WhiteTeam "Bayern Muenchen II"]
[BlackTeam "Bindlach II"]
[WhiteTeamCountry "GER"]
[BlackTeamCountry "GER"]

1. d4 f5 2. Nc3 Nf6 3. Bg5 d5 4. Bxf6 exf6 5. e3 Be6 6. Nge2 Nc6 7. Nf4 Bf7 8. Bb5 Qd7 9. a3 a6 10. Ba4 b5 11. Bb3 Ne7 12. Qf3 c6 13. Nd3 Nc8 14. a4 b4 15. Ne2 a5 16. 0-0 Nd6 17. Nc5 Qc8 18. Ng3 h5 19. Rfe1 h4 20. e4 hxg3 21. exd5+ Ne4 22. Nxe4 gxh2+ 23. Kh1 fxe4 24. Qxe4+ Kd8 25. dxc6 Bxb3 26. c7+ Kxc7 27. cxb3 Kb6 28. Rac1 Qb7 29. d5 Bd6 30. Rc6+ Qxc6 31. dxc6 Kc7 32. g3 Ra6 33. Rc1 Raa8 34. Qf5 Rad8 1-0

[Event "Landesliga Nord 0506"]
[Site "Bayern"]
[Date "2005.11.13"]
[Round "2.3"]
[White "Ruettinger, Johannes"]
[Black "Halbritter, Josef"]
[Result "1-0"]
[WhiteElo "2180"]
[BlackElo "2122"]
[PlyCount "79"]
[EventDate "2005.10.23"]
[EventType "team"]
[EventRounds "9"]
[EventCountry "GER"]
[SourceTitle "EXT 2007"]
[Source "ChessBase"]
[SourceDate "2006.11.23"]
[SourceVersion "1"]
[SourceVersionDate "2006.11.23"]
[SourceQuality "1"]

1. c4 Nf6 2. g3 c5 3. Bg2 d5 4. cxd5 Nxd5 5. Nc3 Nc7 6. Nf3 Nc6 7. 0-0 e5 8. Ne1 Bg4 9. Nc2 Qd7 10. Re1 Be7 11. Ne3 Bh3 12. Bh1 Be6 13. Qa4 0-0 14. Bxc6 bxc6 15. Nc4 Bxc4 16. Qxc4 Rab8 17. Na4 Ne6 18. b3 Rb4 19. Qc3 Qd5 20. Ba3 Rb5 21. Rac1 e4 22. Qc2 Nd4 23. Qc4 Bg5 24. Qxd5 cxd5 25. Rxc5 Rd8 26. Kf1 a6 27. h4 Bxd2 28. Rd1 e3 29. fxe3 Bxe3 30. Rd3 Re8 31. Nc3 Nc2 32. Rxb5 axb5 33. Nxd5 Ba7 34. Bb2 b4 35. h5 f5 36. h6 Kf7 37. Bxg7 Bb8 38. Rf3 Ke6 39. Nxb4 Nxb4 40. Re3+ 1-0

[Event "BL2-Ost 0405"]
[Site "Germany"]
[Date "2005.04.10"]
[Round "9.6"]
[White "Ruettinger, Johannes"]
[Black "Goetz, Andreas1111"]
[Result "1-0"]
[WhiteElo "2226"]
[BlackElo "2183"]
[PlyCount "99"]
[EventDate "2004.10.24"]
[EventType "team-tourn"]
[EventRounds "9"]
[EventCountry "GER"]
[SourceTitle "EXT 2007"]
[Source "ChessBase"]
[SourceDate "2006.11.23"]
[SourceVersion "1"]
[SourceVersionDate "2006.11.23"]
[SourceQuality "1"]
[WhiteTeam "Bindlach"]
[BlackTeam "Koenig Plauen"]
[WhiteTeamCountry "GER"]
[BlackTeamCountry "GER"]

1. c4 Nf6 2. g3 e5 3. Bg2 c6 4. d4 Bb4+ 5. Bd2 Bxd2+ 6. Qxd2 e4 7. Nc3 d5 8. cxd5 cxd5 9. f3 exf3 10. Nxf3 0-0 11. 0-0 Nc6 12. Ne5 Be6 13. Rf4 Nxe5 14. dxe5 Qb6+ 15. Qd4 Qxd4+ 16. Rxd4 Ng4 17. Nxd5 Nxe5 18. Nc7 Rac8 19. Nxe6 fxe6 20. Re4 Nc4 21. Bh3 Kh8 22. Bxe6 Rce8 23. Bd5 Nd6 24. Rxe8 Rxe8 25. e4 g6 26. Re1 Re7 27. Kf2 Kg7 28. Ke3 Kf6 29. Kd4 Nf5+ 30. Kd3 Nd6 31. Rc1 Ke5 32. Rc5 b6 33. Rc2 h6 34. h4 Ne8 35. Rc8 g5 36. Rd8 Nf6 37. Bc6 gxh4 38. gxh4 Kf4 39. Rh8 h5 40. Rf8 Re6 41. Bd5 Rd6 42. Kd4 Kg3 43. Ke5 Rxd5+ 44. Kxf6 Rd6+ 45. Kg5 Re6 46. Kf5 Re7 47. e5 Kxh4 48. e6 Rc7 49. Rg8 Kh3 50. Kf6 1-0

[Event "BL2-Ost 0304"]
[Site "Germany"]
[Date "2004.??.??"]
[Round "?.8"]
[White "Ruettinger, Johannes"]
[Black "De la Cruz, Alfredo"]
[Result "1-0"]
[WhiteElo "2205"]
[BlackElo "2190"]
[PlyCount "29"]
[EventDate "2003.10.??"]
[EventType "team-tourn"]
[EventRounds "8"]
[EventCountry "GER"]
[SourceTitle "CBM 100 Extra"]
[Source "ChessBase"]
[SourceDate "2004.07.06"]
[SourceVersion "2"]
[SourceVersionDate "2004.07.06"]
[SourceQuality "1"]
[WhiteTeam "Bindlach"]
[BlackTeam "Chemnitz"]
[WhiteTeamCountry "GER"]
[BlackTeamCountry "GER"]

1. c4 c5 2. g3 Nf6 3. Bg2 d5 4. cxd5 Nxd5 5. Nc3 Nc7 6. Nf3 Nc6 7. 0-0 e5 8. Ne1 Bd7 9. b3 Be7 10. Nd3 f6 11. f4 exf4 12. Nxf4 0-0 13. e3 Rc8 14. Bb2 Ne6 15. Bd5 1-0

[Event "Pyramiden Franken Cup 5th"]
[Site "Fuerth"]
[Date "2002.09.07"]
[Round "8"]
[White "Ruettinger, Johannes"]
[Black "Lauer, Moritz"]
[Result "1/2-1/2"]
[WhiteElo "2230"]
[BlackElo "2126"]
[PlyCount "23"]
[EventDate "2002.08.31"]
[EventType "swiss"]
[EventRounds "9"]
[EventCountry "GER"]
[SourceTitle "CBM 090 Extra"]
[Source "ChessBase"]
[SourceDate "2002.11.07"]
[SourceVersion "1"]
[SourceVersionDate "2002.11.07"]
[SourceQuality "1"]

1. c4 b6 2. Nc3 Bb7 3. e4 e6 4. Nge2 Nf6 5. d3 d5 6. cxd5 exd5 7. e5 Nfd7 8. d4 c5 9. Nf4 cxd4 10. Ncxd5 Bxd5 11. Nxd5 Nxe5 12. Bb5+ 1/2-1/2

[Event "Pyramiden Franken Cup 5th"]
[Site "Fuerth"]
[Date "2002.09.06"]
[Round "7"]
[White "Gullaksen, Eirik Tvedt"]
[Black "Ruettinger, Johannes"]
[Result "1-0"]
[WhiteElo "2344"]
[BlackElo "2230"]
[PlyCount "81"]
[EventDate "2002.08.31"]
[EventType "swiss"]
[EventRounds "9"]
[EventCountry "GER"]
[SourceTitle "CBM 090 Extra"]
[Source "ChessBase"]
[SourceDate "2002.11.07"]
[SourceVersion "1"]
[SourceVersionDate "2002.11.07"]
[SourceQuality "1"]

1. e4 c5 2. Nf3 d6 3. d4 cxd4 4. Nxd4 Nf6 5. Nc3 g6 6. Bc4 Bg7 7. Bb3 0-0 8. 0-0 Nc6 9. h3 Na5 10. Be3 b6 11. Re1 Bb7 12. Bg5 Rc8 13. Qd3 h6 14. Bh4 Rc5 15. Rad1 Qa8 16. f3 Rfc8 17. Bxf6 Bxf6 18. Nd5 Bxd5 19. Bxd5 Qb8 20. Nb3 Nxb3 21. e5 e6 22. Bxe6 fxe6 23. exf6 Kf7 24. cxb3 Rc2 25. Qe3 e5 26. Qxh6 b5 27. Qg7+ Ke6 28. Qxg6 Rxg2+ 29. Qxg2 Rg8 30. Qg4+ Rxg4+ 31. hxg4 Kxf6 32. Rd5 Qb6+ 33. Kg2 Qa6 34. a3 Qc6 35. Red1 Qc2+ 36. R1d2 Qxb3 37. Rxd6+ Kg5 38. Re2 e4 39. Rxe4 Qxb2+ 40. Kg3 Qxa3 41. Ree6 1-0

[Event "Pyramiden Franken Cup 5th"]
[Site "Fuerth"]
[Date "2002.09.04"]
[Round "5"]
[White "Gerl, Hans Peter"]
[Black "Ruettinger, Johannes"]
[Result "0-1"]
[WhiteElo "2102"]
[BlackElo "2230"]
[PlyCount "150"]
[EventDate "2002.08.31"]
[EventType "swiss"]
[EventRounds "9"]
[EventCountry "GER"]
[SourceTitle "CBM 090 Extra"]
[Source "ChessBase"]
[SourceDate "2002.11.07"]
[SourceVersion "1"]
[SourceVersionDate "2002.11.07"]
[SourceQuality "1"]

1. d4 f5 2. c4 Nf6 3. g3 g6 4. Bg2 Bg7 5. Nh3 0-0 6. 0-0 d6 7. d5 Na6 8. Nf4 e5 9. dxe6 c6 10. Nc3 Nc5 11. Qc2 Nxe6 12. Rd1 Ng4 13. Nxe6 Bxe6 14. h3 Ne5 15. b3 g5 16. f4 Ng6 17. Kh2 gxf4 18. gxf4 Qf6 19. Rd3 Rac8 20. e3 d5 21. c5 Qh4 22. Bd2 d4 23. exd4 Nxf4 24. Bxf4 Qxf4+ 25. Kh1 Rcd8 26. Rf1 Qh6 27. d5 cxd5 28. Bxd5 f4 29. Bxe6+ Qxe6 30. Rdf3 Rde8 31. Nb5 Qd7 32. Nd6 Re5 33. b4 Rh5 34. Kh2 Kh8 35. Qe4 b6 36. Qc4 bxc5 37. bxc5 Be5 38. Rd1 Qg7 39. Rg1 Qf6 40. Ne4 Qf5 41. Nd6 Qf6 42. Ne4 Qc6 43. Rd1 Rg8 44. Rg1 Rb8 45. Rg2 Rh6 46. Ng5 Rf6 47. Qe4 Qc7 48. Qd5 Rd8 49. Qb3 Qe7 50. Re2 Rg8 51. Ne4 Rfg6 52. Nd6 Bxd6 53. Qxg8+ Kxg8 54. Rxe7 Bxe7 55. Rxf4 Bxc5 56. Rc4 Be3 57. Re4 Bg1+ 58. Kh1 Bb6 59. Kh2 Kf7 60. Rh4 h6 61. Re4 Kf6 62. Re8 Kf5 63. Re7 Kf4 64. a4 Kf3 65. Rf7+ Ke2 66. a5 Be3 67. h4 Ra6 68. Rf5 Bd2 69. Re5+ Kd1 70. Kg3 Rxa5 71. Re6 Ra4 72. Rd6 a5 73. h5 Rc4 74. Kf3 a4 75. Ra6 Kc2 0-1

[Event "Pyramiden Franken Cup 5th"]
[Site "Fuerth"]
[Date "2002.09.02"]
[Round "3"]
[White "Teich, Udo"]
[Black "Ruettinger, Johannes"]
[Result "1-0"]
[WhiteElo "2106"]
[BlackElo "2230"]
[PlyCount "85"]
[EventDate "2002.08.31"]
[EventType "swiss"]
[EventRounds "9"]
[EventCountry "GER"]
[SourceTitle "CBM 090 Extra"]
[Source "ChessBase"]
[SourceDate "2002.11.07"]
[SourceVersion "1"]
[SourceVersionDate "2002.11.07"]
[SourceQuality "1"]

1. d4 f5 2. g3 Nf6 3. Bg2 g6 4. Nh3 Bg7 5. 0-0 0-0 6. f3 d6 7. Nf2 e5 8. c3 Qe7 9. Qb3+ Kh8 10. e4 f4 11. dxe5 dxe5 12. Qa3 Qf7 13. Nd3 Nc6 14. Qc5 fxg3 15. hxg3 Nh5 16. Kh2 Rd8 17. Nb4 Bf8 18. Qf2 Nxb4 19. cxb4 Bxb4 20. Bg5 Rd6 21. Nc3 Be6 22. a3 Ba5 23. Qc5 Bxc3 24. Qxc3 Qg7 25. Rad1 Rb6 26. Rd2 h6 27. Bd8 Rc8 28. Bh3 Rd6 29. Bxe6 Rcxd8 30. Rxd6 Rxd6 31. Bb3 Rd4 32. Rf2 Nf6 33. Qc5 b6 34. Qc6 Qf8 35. Rc2 Rd3 36. Rc3 Rxc3 37. Qxc3 Qd6 38. Qc4 Qd7 39. f4 b5 40. Qc5 Qd6 41. Qxb5 exf4 42. e5 Qxe5 43. Qxe5 1-0

[Event "Regionalliga NW 0102"]
[Site "Bayern"]
[Date "2002.04.14"]
[Round "8.1"]
[White "Strobel, Walter"]
[Black "Ruettinger, Johannes"]
[Result "1/2-1/2"]
[WhiteElo "2220"]
[BlackElo "2100"]
[PlyCount "107"]
[EventDate "2001.10.07"]
[EventType "team-tourn"]
[EventRounds "9"]
[EventCountry "GER"]
[SourceTitle "EXT 2003"]
[Source "ChessBase"]
[SourceDate "2002.11.25"]
[SourceVersion "1"]
[SourceVersionDate "2002.11.25"]
[SourceQuality "1"]
[WhiteTeam "Klingenberg"]
[BlackTeam "Bindlach II"]
[WhiteTeamCountry "GER"]
[BlackTeamCountry "GER"]

1. e4 c5 2. Nf3 d6 3. d4 cxd4 4. Nxd4 Nf6 5. Nc3 g6 6. Be3 Bg7 7. f3 0-0 8. Qd2 Nc6 9. 0-0-0 d5 10. Kb1 Nxd4 11. e5 Nf5 12. exf6 Bxf6 13. Nxd5 Qxd5 14. Qxd5 Nxe3 15. Qd2 Nxd1 16. Qxd1 Be6 17. Bb5 Rfd8 18. Qe2 Rd4 19. c3 Rd6 20. Rd1 Rad8 21. Rxd6 Rxd6 22. f4 h5 23. h3 h4 24. Kc2 Bf5+ 25. Kc1 e5 26. Bc4 Rd7 27. Qf2 a6 28. a4 Kg7 29. Bb3 e4 30. Bd1 Re7 31. Qe3 Bd7 32. b3 Kh6 33. Kc2 g5 34. Be2 gxf4 35. Qxf4+ Bg5 36. Qb8 Bf5 37. Qh8+ Bh7 38. Bg4 f6 39. Bf5 e3 40. Qf8+ Rg7 41. Bxh7 Kxh7 42. Qe8 Rg8 43. Qe4+ Kh6 44. g3 hxg3 45. h4 g2 46. Qxg2 Bxh4 47. Qxg8 e2 48. Qh8+ Kg5 49. Qg8+ Kh6 50. Qf8+ Kg5 51. Qg7+ Kh5 52. Qf7+ Kh6 53. Qf8+ Kg5 54. Qg8+ 1/2-1/2

[Event "Regionalliga NW 0102"]
[Site "Bayern"]
[Date "2002.02.03"]
[Round "5.1"]
[White "Ruettinger, Johannes"]
[Black "Horther, Heinrich"]
[Result "1/2-1/2"]
[WhiteElo "2100"]
[BlackElo "2155"]
[PlyCount "60"]
[EventDate "2001.10.07"]
[EventType "team-tourn"]
[EventRounds "9"]
[EventCountry "GER"]
[SourceTitle "EXT 2003"]
[Source "ChessBase"]
[SourceDate "2002.11.25"]
[SourceVersion "1"]
[SourceVersionDate "2002.11.25"]
[SourceQuality "1"]
[WhiteTeam "Bindlach II"]
[BlackTeam "Kronach"]
[WhiteTeamCountry "GER"]
[BlackTeamCountry "GER"]

1. c4 e5 2. g3 c6 3. d4 exd4 4. Qxd4 d5 5. cxd5 cxd5 6. Bg2 Nf6 7. Nf3 Nc6 8. Qa4 Bc5 9. 0-0 0-0 10. Bg5 h6 11. Bxf6 Qxf6 12. Nc3 Re8 13. Rad1 Be6 14. Ne1 Bd4 15. Qb5 Bxc3 16. bxc3 Qxc3 17. Qxb7 Rab8 18. Qa6 Rb6 19. Qa4 Rb4 20. Qa6 Rc4 21. Rd3 Qe5 22. Rd2 Rc1 23. Nd3 Rxf1+ 24. Bxf1 Qc3 25. Rd1 Qc4 26. Qa3 Qd4 27. Rc1 Qb6 28. Qc5 Na5 29. Nf4 Nc4 30. Nxe6 fxe6 1/2-1/2

[Event "Pyramiden Franken Cup 4th"]
[Site "Fuerth"]
[Date "2001.08.23"]
[Round "6"]
[White "Soergel, Frank"]
[Black "Ruettinger, Johannes"]
[Result "0-1"]
[WhiteElo "2147"]
[BlackElo "2080"]
[PlyCount "42"]
[EventDate "2001.08.18"]
[EventType "swiss"]
[EventRounds "9"]
[EventCountry "GER"]
[SourceTitle "EXT 2010"]
[Source "ChessBase"]
[SourceDate "2010.11.25"]
[SourceVersion "1"]
[SourceVersionDate "2010.11.25"]
[SourceQuality "1"]

1. e4 c5 2. Nf3 d6 3. d4 cxd4 4. Nxd4 Nf6 5. Nc3 g6 6. f4 Bg7 7. e5 Nh5 8. Bb5+ Bd7 9. e6 Bc6 10. exf7+ Kxf7 11. Nxc6 Nxc6 12. 0-0 Bxc3 13. Bc4+ d5 14. Bxd5+ e6 15. Bxe6+ Kxe6 16. Qg4+ Kf7 17. bxc3 Nf6 18. Qf3 Qd5 19. f5 Qxf3 20. fxg6+ hxg6 21. Rxf3 Ke7 0-1

[Event "Pyramiden Franken Cup 3rd"]
[Site "Fuerth"]
[Date "2000.08.23"]
[Round "5"]
[White "Gerstner, Wolfgang"]
[Black "Ruettinger, Johannes"]
[Result "1-0"]
[WhiteElo "2321"]
[BlackElo "2019"]
[PlyCount "59"]
[EventDate "2000.08.19"]
[EventType "swiss"]
[EventRounds "9"]
[EventCountry "GER"]
[SourceTitle "EXT 2010"]
[Source "ChessBase"]
[SourceDate "2010.11.25"]
[SourceVersion "1"]
[SourceVersionDate "2010.11.25"]
[SourceQuality "1"]

1. d4 f5 2. g3 Nf6 3. Bg2 g6 4. Nh3 Bg7 5. c3 0-0 6. Qb3+ Kh8 7. Bxb7 Bxb7 8. Qxb7 Nc6 9. Qb3 e5 10. dxe5 Nxe5 11. 0-0 Qe7 12. Bf4 Ne4 13. Qc2 Nc4 14. b3 Nb6 15. Rd1 Qc5 16. Be3 Qc6 17. Bd4 Nd5 18. Bxg7+ Kxg7 19. Qd3 Ndf6 20. c4 Rad8 21. Nc3 Rfe8 22. Nd5 Nxd5 23. cxd5 Qf6 24. Rac1 c6 25. Nf4 cxd5 26. Nxd5 Qe5 27. Qd4 Nf6 28. Nxf6 Kxf6 29. e3 d6 30. Qh4+ 1-0